• 首页
  • 本馆介绍
  • 公告通知
  • 最新文献
  • 馆藏检索
  • 电子资源
  • 读者导购
  • 参考咨询
  • 我的图书馆
  • 登录
  • 详细信息显示
  • 放入我的书架
  • 预约/预借图书
  • 作者相关作品
  • 分类相关作品
  • 丛书相关作品
  • 出版社相关作品

书目信息

  • 表格格式
  • 工作单格式
  • 卡片格式
题名:
基于循环经济模式下的生态环境设计研究
    
 
作者: 彭静 著
分册:  
出版信息: 长春   东北师范大学出版社  2017
页数: 209页
开本: 24cm
丛书名:
单 册:
中图分类: F062.2 , TU-856
科图分类:
主题词: 循环经济--xun huan jing ji--关系--生态环境--环境设计--研究
电子资源:
ISBN: 978-7-5681-3254-1
000 01145nam0 2200277 450
001 012001002836
005 20131015171117.0
010    @a978-7-5681-3254-1@dCNY44.50
099    @aCAL 012018047341
100    @a20180320d2017 em y0chiy50 ea
101 0  @achi
102    @aCN@b220000
105    @aak a 000yy
106    @ar
200 1  @a基于循环经济模式下的生态环境设计研究@Aji yu xun huan jing ji mo shi xia de sheng tai huan jing she ji yan jiu@f彭静著
210    @a长春@c东北师范大学出版社@d2017
215    @a209页@c图@d24cm
314    @a彭静, 湖北武汉人, 现为中国地质大学 (武汉) 艺术与传媒学院环境设计专业副教授。
320    @a有书目
330    @a本书以循环经济模式下的生态环境设计为研究中心, 将循环经济与生态环境设计的相关理论进行解析, 对循环经济的不同发展模式进行深入分析, 探讨循环经济与生态环境设计之间的相互作用。内容包括: 生态环境设计概念探析 ; 循环经济基础理论解析 ; 循环经济发展模式研究等。
606 0  @a循环经济@Axun huan jing ji@x关系@x生态环境@x环境设计@x研究
690    @aF062.2@v5
690    @aTU-856@v5
701  0 @a彭静@Apeng jing@4著
801  0 @aCN@b北京卓展@c20191020
905    @b1205910-3@dF062.2@e170@f4
    
    基于循环经济模式下的生态环境设计研究/彭静著.-长春:东北师范大学出版社,2017
    209页:图;24cm
    
    
    ISBN 978-7-5681-3254-1:CNY44.50
    本书以循环经济模式下的生态环境设计为研究中心, 将循环经济与生态环境设计的相关理论进行解析, 对循环经济的不同发展模式进行深入分析, 探讨循环经济与生态环境设计之间的相互作用。内容包括: 生态环境设计概念探析 ; 循环经济基础理论解析 ; 循环经济发展模式研究等。
●
相关链接 在E读中查询图书 在五车中查询图书 在当当中查询图书 在豆瓣中查询图书


正题名:基于循环经济模式下的生态环境设计研究     索取号:F062.2/170         预约/预借

序号 登录号 条形码 馆藏地/架位号 状态 备注
1 1205910   212059109   第一样本阅览室/ [索取号:F062.2/170] 在馆    
2 1205911   212059118   第一借阅区/ [索取号:F062.2/170] 在馆    
3 1205912   212059127   第一借阅区/ [索取号:F062.2/170] 在馆    
4 1205913   212059136   第一借阅区/ [索取号:F062.2/170] 在馆    
唐山师范学院图书馆 欢迎您!
大连网信软件有限公司© 版权所有